000 01832cam a2200565 i 4500
001 9953
003 KOSZ 005
005 20240514093334.0
008 240514s1978 pl a g 001 0 pol
015 _aUWD 1978/9846
035 _a991018721269705066
035 _a(PL-WaBN)b15075552-48omnis_nlop
035 _ab15075552
035 _a(OCoLC)831034301
035 _awbpkbg043691
035 _a(PUBLU)vtls000015967
035 _azz2004886297
035 _a(PL)b0000001507555
035 _a(EXLNZ-48OMNIS_NETWORK)9910520475805606
040 _aWA N
_cWA N
_dKOSZ 005/RW
045 _bd1800
_bd1970
046 _k1978
080 _a94(48)"18/19"
100 1 _aCieślak, Tadeusz
_d(1917-1985)
_eAutor
245 1 0 _aZarys historii najnowszej krajów skandynawskich /
_cTadeusz Cieślak.
250 _aWydanie I.
260 _aWarszawa :
_bPaństwowe Wydawnictwo Naukowe,
_c1978.
300 _a507, [1] stron :
_bilustracje, mapy, portrety ;
_c25 cm.
336 _aTekst
_btxt
_2rdacontent
337 _aBez urządzenia pośredniczącego
_bn
_2rdamedia
338 _aWolumin
_bnc
_2rdacarrier
380 _aKsiążki
380 _aPublikacje naukowe
388 1 _a1901-2000
388 1 _a1945-1989
504 _aWskazówki bibliograficzne na stronach 462-[466]. Indeksy.
648 7 _a1801-1900
_2DBN
648 7 _a1901-2000
_2DBN
650 7 _aGospodarka
650 7 _aKultura
650 7 _aPolityka
650 7 _aSpołeczeństwo
651 7 _aSkandynawia
_2DBN
655 7 _aOpracowanie
658 _aHistoria
710 2 _aPaństwowe Wydawnictwo Naukowe
_4pbl
856 _uhttps://koha.tu.koszalin.pl/cgi-bin/koha/opac-detail.pl?biblionumber=9953
_yKatalog online BPK
942 _2UKD
_cKS
999 _c9953
_d9953